Nommez une île valide - Statistiques

Statistiques générales
  • Ce quiz a été pris 7 431 fois
  • Le résultat moyen est 7 sur 18
Statistiques - réponses
Nommez une île... # Réponses % Correct
... de plus de 500 000 km² 5 Bornéo | Groenland | Île de Baffin | Madagascar | Nouvelle-Guinée
87%
... où Napoléon Ier a vécu 3 Corse | île d'Elbe | Sainte-Hélène
81%
... habitée de New York 6 City Island | Long Island | Manhattan | Randalls and Wards Island | Rikers Island | Staten Island
60%
... parmi les 100 plus grandes du monde et appartenant aux États-Unis 4 Hawaï | île du Prince de Galles | Île Kodiak | Porto Rico
60%
... éponyme d'au moins un département français 3 Corse | La Réunion | Martinique
56%
... des territoires néerlandais d'outre-mer 8 Aruba | Bonaire | Curaçao | Klein Bonaire | Klein Curaçao | Saint-Eustache | Saba | Saint-Martin
43%
... avec plus de 100 millions d'habitants 2 Honshū | Java
43%
... de Vendée 2 Île de Noirmoutier | Île d'Yeu
39%
... qui a été aperçue pour la première fois pour un européen par Abel Tasman 9 ʻAta | Cikobia-i-Lau | ʻEua | Île du Nord | Île du Sud | Nomuka | Tasmanie | Tongatapu | Vanua Levu
38%
... de plus de 500 km² et commençant par I 3 Ibiza | Irlande | Islande
35%
... portant le nom de l'un des 4 "dragons asiatiques" 3 Hong Kong | Pulau Ujong | Taïwan
34%
... avec un sommet à plus de 4000m d'altitude 3 Bornéo | Hawaï | Nouvelle-Guinée
29%
... à plus de 1000 km de toute autre terre (de plus d'1 km²) 6 Île Bouvet | Île de l'Ascension | Île de Pâques | Île de Trindade | Minamitori-shima | Sainte-Hélène
24%
... qui est la plus grande de son pays traversée par l'équateur 3 Bornéo | Île Isabela | Rolas
17%
... qui a été atteinte pour la première fois pour un européen par Leif Erikson 2 Île de Baffin | Terre-Neuve
13%
... à moins de 80km de l'épicentre de l'un des 10 séismes les plus meurtriers de l'Histoire 6 Cabritos | Hispaniola | La Gonâve | Salaut Besar | Simeulue | Sumatra
12%
... avec exactement 2 agglomérations de plus d'un million d'habitants 2 Hispaniola | Luçon
8%
... de l'archipel des Açores 9 Corvo | Faial | Flores | Graciosa | Pico | Santa Maria | São Jorge | São Miguel | Terceira
5%
Aucun quiz correspondant
Distribution des résultats
% des personnes avec chaque résultat
Percentile par nombre de réponses
Votre historique - résultats
Vous n’avez pas pris ce quiz